| 000 | 00407nam a22001577a 4500 | ||
|---|---|---|---|
| 003 | OSt | ||
| 005 | 20211213102119.0 | ||
| 008 | 211213b |||||||| |||| 00| 0 eng d | ||
| 020 | _a0-8247-9350-1 | ||
| 040 | _cHawassa university | ||
| 050 | _a664.02853/FRE | ||
| 082 | _a664.02853/FRE | ||
| 245 | _aFreezing effects on food quality | ||
| 260 |
_aNew york _bMarcel dekker.inc _c1996 |
||
| 942 |
_2ddc _cBOOKS _n0 |
||
| 999 |
_c22372 _d22372 |
||